Las crónicas de Narnia: el caballo y su niño

Saved in:
Bibliographic Details
Main Author: Lewis, C. S (Author)
Format: Book
Language:Spanish
Published: Santiago Andrés Bello 2005
Edition:1a. ed
Series:Libro 3
Subjects:
Tags: Add Tag
No Tags, Be the first to tag this record!

MARC

LEADER 00000nam a2200000 a 4500
001 UCG3654
003 CL-VaPUC
008 100909e20051000CL |||||||||||||||||spa|d
020 |a 9561318822 
082 0 4 |a 823  |b LEW  |2 21 
100 |a Lewis, C. S  |e author  |9 328236 
245 1 4 |a Las crónicas de Narnia: el caballo y su niño 
250 |a 1a. ed 
300 |a 253 p 
942 |c BK 
945 |d 20100909 00:00:00  |a mfarfan 
260 |a Santiago  |b Andrés Bello  |c 2005 
650 0 |a Literatura inglesa  |9 312907 
650 0 |a Novelas inglesas  |9 265220 
650 0 |a Escritores ingleses  |9 389424 
650 0 |a Literatura infantil   |9 307465 
583 |a last modification  |c 20100909 00:00:00  |k Rodrigo Vera 
490 0 |a Libro 3 
999 |c 342701  |d 342699